000 00418nam a22001577a 4500
005 20250729122438.0
008 250729b |||||||| |||| 00| 0 eng d
020 _a9780307589996
_qhbk
041 _aeng
082 _a508.078
_bMOS
100 _a Stephen Moss
245 _aBumper Book Of Nature
_b: a user's guide to the great outdoors
_c Stephen Moss
260 _bCrown
650 _a Stephen Moss
942 _cREF
999 _c577900
_d577900